000 00477nam a2200169 i 4500
001 bg
245 1 0 _aĆwiczenia polowe z geodezji /
_cAndrzej Bartkiewicz [et al.].
260 _aRzeszów :
_bPolitechnika Rzeszowska im. Ignacego Łukasiewicza,
_c1986.
650 9 _aGeodezja
655 _aPodręczniki akademickie
700 1 _aBARTKIEWICZ, Andrzej
040 _cBPK
041 0 _apol
080 _a528(075.8)
942 _cKS
008 s pl f |000 0 pol
999 _c10614
_d10614
856 _uhttp://koha.tu.koszalin.pl/cgi-bin/koha/opac-detail.pl?biblionumber=10614
_yKatalog online BPK